| 000 | 00490nam a22001577a 4500 | ||
|---|---|---|---|
| 999 |
_c9171 _d9171 |
||
| 008 | 210326b ||||| |||| 00| 0 eng d | ||
| 040 | _aBMS College of Architecture | ||
| 100 | _aNandakumar, Namratha | ||
| 245 | _aA camp base resort - Perfecting a paradise | ||
| 300 | _aNA | ||
| 500 | _a1BM04AT015 | ||
| 502 |
_8B.Arch _NBMS College of Architecture, Visvesvaraya Technological University _aProject report _d2009 |
||
| 650 | _aResort | ||
| 700 |
_aMamatha P Raj _eGuide |
||
| 942 |
_2ddc _cTHE |
||